000
00210 a2200097 4500
001
1594
100
_a
Rusinoff, S.E
245
_a
Manufacturing processes materials
260
_a
_b
A.T.S
_c
090
_c
1132
_d
1132
942
_a
NUST-CAE
_c
M
_c
1470
999
_c
236667
_d
236667